000
00293nam a22001337a 4500
008
170411b xxu||||| |||| 00| 0 eng d
020
_a
0721676448
041
_a
eng
080
_a
618
100
_a
10
101
_a
SHM
245
_a
ENTERAL AND TUBE FEEDING
_c
ROMBEAU.J.L
942
_2
udc
_c
BK
999
_c
10368
_d
10368